00925nam a22002537a 4500003000400000005001700004008004100021020003000062040003100092050001400123100002600137245014100163260005200304300002800356336002400384337002800408338002500436504005000461650002300511650004500534650003000579700003900609700002300648OSt20250128150515.0250128b |||||||| |||| 00| 0 eng d a9781455742141 (paperback) aNUSTbengcNUSTdNUSTerda aRB40 LAR aLarson, DonnaeAuthor aClinical chemistry :b fundamentals and laboratory techniques /cauthor, Donna Larson, consulting editors, Joshua Hayden,and Hari Nair,  aSt. Louis, Missouri :bElsevier/Saundersc2017. axv, 719 pages ;c28 cm. 2rdamediaatextbtxt 2rdamediaaunmediatedbn 2rdamediaavolumebnc aIncludes bibliographical references and index vClinical chemistry vClinical chemistry -- Laboratory manuals vClinical Chemistry Tests. aHayden, Joshua (Joshua A.)eEditor aNair, HarieEditor